000 00927nam a2200217Ia 4500
003 Ost
005 20260507074953.0
008 260507s9999||||xx |||||||||||||| ||und||
020 _a9776033970
040 _cfsecg
041 _aara
082 _a658.8
100 _aغنيم، أحمد محمد
_eمؤلف
245 0 _aالتسويق :
_bمدخل التحليل المتكامل /
_c أحمد محمد غنيم
260 _aالقاهرة:
_bالمكتبة العصرية للنشر والتوزيع,
_c2009
300 _a463 صفحة؛
_bإيضاحات ؛
_c24 سم
504 _aببليوغرافيا:ص.459-463
520 _aالتسويق:مفاهيم أساسية،المستهلك،السوق،البيئة التسويقية،التنبؤ بالمبيعات،بحوث التسويق،تخطيط المنتجات،التسعير،التوزيع،الترويج
653 _aالتسويق
942 _cكتاب
999 _c42008
_d42008